| 000 | 00527cam a22001812 4500 | ||
|---|---|---|---|
| 001 | 0000006070 | ||
| 005 | 20151217154357.0 | ||
| 008 | 070913s xx 000 0 eng d | ||
| 040 |
_aKABU _cKABU |
||
| 100 | 1 |
_aNg'ang'a, John N. _@0000157441 |
|
| 245 | 1 | 0 |
_aLeadership : _bKing David's style. |
| 260 |
_aNairobi : _bAcme, _c2006. |
||
| 300 | _axiv, 274 p. | ||
| 650 | 0 |
_aLeadership _xReligious aspects _xChristianity. _@0000149203 |
|
| 908 | _a070913 | ||
| 950 | _@1 | ||
| 999 |
_c10869 _d10869 |
||